(Record no. 184513)
[ view plain ]
| 000 -CABECERA | |
|---|---|
| campo de control de longitud fija | 01474nam a2200229Ia 4500 |
| 001 - NÚMERO DE CONTROL | |
| campo de control | IA_So are wont, development and analyzed the feasibility of carrying out the investment project for the creation of the malting plant in the municipality of Tlaxco, Tlaxcala for the trial of six thousand tons of malt at full capacity, which results obtained show an Internal Rate of Return for the project of 23% and Net Present Value of 96,565,389.00 which indicate that the project is viable, likewise, the investment has a payback period of 5.27 years and a benefit-cost ratio of 1.33. According to the above is determined that the project is economically viable and feasible to develop. |
| 008 - DATOS DE LONGITUD FIJA--INFORMACIÓN GENERAL | |
| campo de control de longitud fija | 220117s xx 000 0 und d |
| 010 ## - NÚMERO DE CONTROL DE LA BIBLIOTECA DEL CONGRESO | |
| Número de control de LC | 184513 |
| 530 ## - NOTA DE FORMATO FÍSICO ADICIONAL DISPONIBLE | |
| Nota de formato físico adicional disponible | Disponible en PDF |
| 583 ## - NOTA DE ACCIÓN | |
| Acción | 1 ej. imp. ; 2 ej. CD |
| 650 #0 - PUNTO DE ACCESO ADICIONAL DE MATERIA--TÉRMINO DE MATERIA | |
| Término de materia o nombre geográfico como elemento de entrada | Cebada cervecera |
| Subdivisión general | Industria y comercio |
| Subdivisión geográfica | México |
| -- | Tlaxcala |
| 9 (RLIN) | 157188 |
| 650 #0 - PUNTO DE ACCESO ADICIONAL DE MATERIA--TÉRMINO DE MATERIA | |
| Término de materia o nombre geográfico como elemento de entrada | Entrepreneurship |
| Subdivisión geográfica | Mexico |
| -- | Tlaxcala |
| 9 (RLIN) | 157189 |
| 650 #0 - PUNTO DE ACCESO ADICIONAL DE MATERIA--TÉRMINO DE MATERIA | |
| Término de materia o nombre geográfico como elemento de entrada | Iniciativa empresarial |
| Subdivisión geográfica | México |
| -- | Tlaxcala |
| 9 (RLIN) | 157190 |
| 650 #0 - PUNTO DE ACCESO ADICIONAL DE MATERIA--TÉRMINO DE MATERIA | |
| Término de materia o nombre geográfico como elemento de entrada | Malting barley |
| Subdivisión general | Industry and trade |
| Subdivisión geográfica | Mexico |
| -- | Tlaxcala |
| 9 (RLIN) | 157191 |
| 700 ## - PUNTO DE ACCESO ADICIONAL--NOMBRE DE PERSONA | |
| Nombre de persona | Altamirano Cárdenas, J. Reyes, dir. |
| 9 (RLIN) | 157192 |
| 700 ## - PUNTO DE ACCESO ADICIONAL--NOMBRE DE PERSONA | |
| Nombre de persona | Sánchez González, Ricardo, coaut. |
| 9 (RLIN) | 157193 |
| 700 ## - PUNTO DE ACCESO ADICIONAL--NOMBRE DE PERSONA | |
| Nombre de persona | Sandoval Romero, Fermín, asesor |
| 9 (RLIN) | 163717 |
| 700 ## - PUNTO DE ACCESO ADICIONAL--NOMBRE DE PERSONA | |
| Nombre de persona | Santoyo Cortés, V. Horacio, asesor |
| 9 (RLIN) | 163718 |
| 942 ## - ELEMENTOS DE PUNTO DE ACCESO ADICIONAL (KOHA) | |
| Tipo de ítem Koha | |
No items available.
